000 00722nam a2200241Ia 4500
003 OSt
005 20250610143702.0
008 210210b1986 xxu||||| |||| 00| 0 eng d
040 _cAL
041 _aKannada
082 _aK894.209 SHEG
100 _aVAIKUNTHARAJU (B V)
_dವೈಕುಂಠರಾಜು (ಡಿ ವಿ)
_9213997
245 _aGreek rangabhumi mattu nataka
_bಗ್ರೀಕ್ ರಂಗಭೂಮಿ ಮತ್ತು ನಾಟಕ
260 _aMaisuru
_bGita Buk Haus
_c1986
300 _a401
650 _arangabhumi
_9213998
650 _anataka.
_9213999
650 _amattu
_9214000
650 _aGrik
_9214001
690 _aKannada Drama Criticism
_9214002
906 _a040033
942 _2ddc
_cBK
999 _c89977
_d89977